000 00940nam a22002897a 4500
001 7864
003 FISKH
005 20250812112228.0
008 250812b cb ||||| |||| 00| 0 eng d
020 _a9780439753098
040 _aFISKH
_beng
_cFISKH
_dFISKH
050 _aPZ7
082 _a105
100 _aKamilton, Tisha
245 _aTrollz :
_bAll that glitters /
_cWritten by Tisha Hamilton
250 _aThis edition first pubished in 2005
260 _aNew York :
_bScholastic,
_c2005
300 _a70 pages :
_c20 cm
505 _aP
520 _aIt's all about the hair! Unless Amethyst, Ruby, Sapphire, Topaz, and Onyx start working together, the five magical facets that could control Trollzopolis may fall into the hands of the evil gremlin Simon.
521 8 _a650
_bLexile
521 8 _aP
_bRaz-Plus
650 _2Chapter book
_aGlitter
650 _2Gems
_aPower
942 _2ddc
_cBK
_n0
999 _c7864
_d7864